000 00292nam a2200133Ia 4500
100 _aRollings/Andrew
650 _aGame architecture
942 _cBK
245 _aGame Architecture and design
260 _bNew Rider
082 _a6.6
_bROL
546 _aENGLISH
_celectronics
999 _c21071
_d21071